banner koha

Biometria testicular, eletroejaculação e características seminais de caititus, Tayassy tajacu Linnaeus, 1758 (Mammalia, Artiodactyla, Tayassuidae)mantidos em cativeiro na Amazônia Oriental (Registro n. 253958)

MARC details
000 -LÍDER
campo de controle de tamanho fixo 01029nas a2200313 4500
001 - NÚMERO DE CONTROLE
campo de controle BR2018000704
003 - IDENTIFICADOR DO NÚMERO DE CONTROLE
campo de controle BR-BrBNA
005 - DATA E HORÁRIO DA ÚLTIMA TRANSAÇÃO
campo de controle 20231205131259.0
007 - CAMPO FIXO DE DESCRIÇÃO FÍSICA--INFORMAÇÃO GERAL
campo de controle de tamanho fixo ta
008 - CAMPO DE DADOS FIXOS--INFORMAÇÃO GERAL
campo de controle de tamanho fixo 230509b bl.|||p| |||| 00| 00por d
040 ## - FONTE DA CATALOGAÇÃO
Instituição da catalogação original BR-BrBNA
Idioma da catalogação por
Instituição que transcreveu o registro Biblioteca Nacional de Agricultura
041 ## - CÓDIGO DE IDIOMA
Código do idioma do texto/trilha sonora ou título diferente (Pt)
072 ## - CÓDIGO DE CATEGORIA DE ASSUNTO
Código de Categoria de Assunto L53
100 1# - ENTRADA PRINCIPAL--NOME PESSOAL
Nome pessoal Kahwage, P.R.
100 1# - ENTRADA PRINCIPAL--NOME PESSOAL
Nome pessoal Garcia, A.R.
100 1# - ENTRADA PRINCIPAL--NOME PESSOAL
Nome pessoal Guimarães, D.A. de A.
100 1# - ENTRADA PRINCIPAL--NOME PESSOAL
Nome pessoal Ohashi, O.M.
100 1# - ENTRADA PRINCIPAL--NOME PESSOAL
Nome pessoal Luz-Ramos, R.S.
100 1# - ENTRADA PRINCIPAL--NOME PESSOAL
Nome pessoal Dias, H.L.T.
100 1# - ENTRADA PRINCIPAL--NOME PESSOAL
Nome pessoal Albuquerque, N.I. de
100 1# - ENTRADA PRINCIPAL--NOME PESSOAL
Nome pessoal Bartha, M.M.P.
245 1# - TÍTULO
Título Biometria testicular, eletroejaculação e características seminais de caititus, Tayassy tajacu Linnaeus, 1758 (Mammalia, Artiodactyla, Tayassuidae)mantidos em cativeiro na Amazônia Oriental
650 ## - ASSUNTO--TERMO TÓPICO
Cabeçalho tópico ou nome geográfico PORCO SELVAGEM
650 ## - ASSUNTO--TERMO TÓPICO
Cabeçalho tópico ou nome geográfico SEMEN
650 ## - ASSUNTO--TERMO TÓPICO
Cabeçalho tópico ou nome geográfico BIOMETRIA
773 0# - ENTRADA ANALÍTICA
Título Acta Amazônica (Brazil)
ISSN - International Standard Serial Number ISSN 0044-5967
Partes relacionadas (Dec 2010), v. 40(4) p. 771-778
Número de controle do registro BR2018000704
909 ## -
-- 202311
-- Lúcia
-- 55
-- Lúcia Elande
942 ## - ELEMENTOS DE ENTRADA ADICIONADOS (KOHA)
Fonte da classificação ou esquema de arquivamento na estante Classificação AGRIS
Ocultar no OPAC Não
Tipo de material Koha Analítica
Exemplares
Situação do descarte Fonte da classificação ou esquema de arquivamento na estante Situação física Não pode ser emprestado Biblioteca de origem Biblioteca atual Localização na estante Enumeração do periódico / cronologia Total de empréstimos Data de último acesso Número do exemplar Tipo de material Koha Fonte de aquisição
  Classificação AGRIS   Consulta local Biblioteca Nacional de Agricultura - Binagri Biblioteca Nacional de Agricultura - Binagri   (Dec 2010), v. 40(4) p. 771-778   29/11/2023 01 Periódicos Portaria Interministerial nº 164/94

BINAGRI

Telefone: (61)3218-2567/2388/3357/2097 - binagri@agro.gov.br

Ministério da Agricultura e Pecuária , Esplanada dos Ministérios, Bloco D, Anexo B, Brasília/DF, CEP: 70.043-900